[Event "51st World Juniors"]
[Site "Athens GRE"]
[Date "2012.08.06"]
[Round "5.12"]
[White "Soors, Stef"]
[Black "Oparin, Grigoriy"]
[Result "1/2-1/2"]
[WhiteTitle "FM"]
[BlackTitle "IM"]
[WhiteElo "2364"]
[BlackElo "2488"]
[WhiteFideId "209511"]
[BlackFideId "24125890"]
[EventDate "2012.08.02"]

1. e4 c5 2. c3 Nf6 3. e5 Nd5 4. d4 cxd4 5. Nf3 e6 6. cxd4 d6 7. Bc4 Nc6 8. O-O
Be7 9. Qe2 O-O 10. Nc3 Nxc3 11. bxc3 dxe5 12. dxe5 b6 13. Qe4 Qc7 14. Bg5 Bb7
15. Bd3 g6 16. Bf6 Rfd8 17. Qe3 Rd7 18. Ng5 Bxf6 19. exf6 Qd8 20. Rad1 Rd5 21.
Bxg6 hxg6 22. Nxe6 Qxf6 23. Rxd5 Re8 24. Rd6 Rxe6 25. Rxe6 Qxe6 26. Qxe6 fxe6
27. Rd1 Bc8 28. c4 Kf7 29. c5 bxc5 30. Rc1 Bd7 31. f4 Nb4 32. Rxc5 Nxa2 33. Rc7
Ke7 34. Rxa7 Nc3 1/2-1/2

[Event "51st World Juniors"]
[Site "Athens GRE"]
[Date "2012.08.06"]
[Round "5.13"]
[White "Cori, Jorge"]
[Black "Valsecchi, Alessio"]
[Result "1-0"]
[WhiteTitle "GM"]
[BlackTitle "IM"]
[WhiteElo "2487"]
[BlackElo "2427"]
[WhiteFideId "3802272"]
[BlackFideId "818860"]
[EventDate "2012.08.02"]

1. d4 Nf6 2. c4 e6 3. g3 c5 4. d5 exd5 5. cxd5 d6 6. Nc3 g6 7. Bg2 Bg7 8. Nf3
O-O 9. O-O a6 10. a4 Re8 11. Bf4 Nh5 12. Bg5 Qc7 13. a5 Bd7 14. Qb3 h6 15. Bc1
Bb5 16. Nxb5 axb5 17. Qxb5 Qd7 18. Qxd7 Nxd7 19. Nd2 b5 20. a6 f5 21. e4 Ra7 22.
exf5 gxf5 23. Ra5 Rb8 24. Bh3 Nhf6 25. Bxf5 Rb6 26. Be6+ Kh8 27. Nf3 Raxa6 28.
Rxa6 Rxa6 29. Nh4 Nb6 30. Nf5 Nbxd5 31. Nxh6 Nc7 32. Bf5 d5 33. Nf7+ Kg8 34. Ng5
b4 35. Bf4 Nb5 36. Ne6 Nh5 37. Nxc5 Rc6 38. Nd3 Nd4 39. Bg4 Nxf4 40. Nxf4 Rc2
41. Rb1 b3 42. Nxd5 1-0

[Event "51st World Juniors"]
[Site "Athens GRE"]
[Date "2012.08.06"]
[Round "5.14"]
[White "Kleinman, Michael"]
[Black "Andersen, Mads"]
[Result "1/2-1/2"]
[WhiteTitle "FM"]
[BlackTitle "IM"]
[WhiteElo "2330"]
[BlackElo "2464"]
[WhiteFideId "2609479"]
[BlackFideId "1413864"]
[EventDate "2012.08.02"]

1. e4 c5 2. Nf3 Nc6 3. Bb5 d6 4. d4 cxd4 5. Qxd4 Bd7 6. Qd3 g6 7. c4 Bg7 8. O-O
Nf6 9. h3 O-O 10. Nc3 a6 11. Bxc6 Bxc6 12. Be3 Rc8 13. Nd4 Nd7 14. Qd2 Nc5 15.
Nxc6 Rxc6 16. Bd4 e6 17. Rfd1 Nd7 18. Bxg7 Kxg7 19. Rac1 Qf6 20. b3 Rfc8 21. Ne2
g5 22. Nd4 Rc5 23. Nc2 R5c6 24. Nd4 Rc5 25. Nc2 R5c6 1/2-1/2

[Event "51st World Juniors"]
[Site "Athens GRE"]
[Date "2012.08.06"]
[Round "5.15"]
[White "Holt, Conrad"]
[Black "Gemy, Jose Daniel"]
[Result "1-0"]
[WhiteTitle "IM"]
[BlackTitle "FM"]
[WhiteElo "2498"]
[BlackElo "2345"]
[WhiteFideId "2034387"]
[BlackFideId "3301478"]
[EventDate "2012.08.02"]

1. d4 d5 2. c4 c6 3. Nf3 Nf6 4. Nc3 a6 5. e3 b5 6. b3 Bg4 7. h3 Bh5 8. g4 Bg6 9.
Ne5 e6 10. Bd2 Nfd7 11. Nxg6 hxg6 12. Bg2 Nb6 13. c5 N6d7 14. b4 Ra7 15. a4 Rb7
16. axb5 axb5 17. O-O f5 18. Ra8 Be7 19. Ne2 Kf7 20. Qb3 Qc7 21. Nf4 Ra7 22.
Rxa7 Qxa7 23. e4 Nf6 24. Nxe6 Nxe4 25. Bxe4 fxe4 26. Nf4 Qa4 27. Qc3 Qa2 28. f3
Qc4 29. fxe4 dxe4 30. Qe3 Bf6 31. g5 Qxd4 32. gxf6 Qxe3+ 33. Bxe3 gxf6 34. Ra1
Rd8 35. h4 g5 36. hxg5 fxg5 37. Nh3 Rd3 38. Kf2 Ke6 39. Nxg5+ Kd5 40. Ra7 Kc4
41. Nxe4 Kxb4 42. Ke2 Ra3 43. Rc7 Ra2+ 44. Nd2 Rc2 45. Rc8 Nd7 46. Rxc6 Ne5 47.
Rc8 Nc4 48. c6 Nd6 49. Rc7 Nc4 50. Bf4 Na5 51. Bd6+ Kc3 52. Be5+ Kb4 53. Kd3
Rxc6 54. Bc3+ Ka4 55. Ra7 b4 56. Be5 Kb5 57. Ra8 Ra6 58. Rb8+ Rb6 59. Rh8 Re6
60. Nf3 Nc6 61. Bb2 Rd6+ 62. Kc2 Rd5 63. Rf8 Rc5+ 64. Kd3 Rd5+ 65. Ke4 Rd8 66.
Rf5+ Kc4 67. Ke3 Kb3 68. Bf6 Rf8 69. Nd2+ Ka4 70. Ne4 Rc8 71. Kd3 Na5 72. Nc5+
Ka3 73. Na6 Ka4 74. Nc5+ Ka3 75. Be7 Nc6 76. Bd6 Rd8 77. Ne4 Ka4 78. Rc5 Rc8 79.
Ke3 Na7 80. Rd5 Nb5 81. Nc5+ Ka5 82. Nd3 b3 83. Bb4+ Ka4 84. Be7 Ka5 85. Re5 Rc2
86. Bd8+ Ka4 87. Re4+ Ka3 88. Be7+ Ka2 89. Nb4+ Kb1 90. Nxc2 Kxc2 91. Rc4+ Kb2
92. Kd3 Na3 93. Bxa3+ 1-0

[Event "51st World Juniors"]
[Site "Athens GRE"]
[Date "2012.08.06"]
[Round "5.16"]
[White "Griffiths, Ryan Rhys"]
[Black "Rombaldoni, Axel"]
[Result "1-0"]
[WhiteTitle "FM"]
[BlackTitle "IM"]
[WhiteElo "2362"]
[BlackElo "2494"]
[WhiteFideId "2502054"]
[BlackFideId "815837"]
[EventDate "2012.08.02"]

1. d4 Nf6 2. c4 g6 3. Nc3 d5 4. Nf3 Bg7 5. Qb3 dxc4 6. Qxc4 O-O 7. e4 Nc6 8. Be2
e5 9. d5 Nd4 10. Nxd4 exd4 11. Qxd4 c6 12. Qc4 cxd5 13. exd5 a6 14. Qb3 Bg4 15.
Bxg4 Nxg4 16. O-O Re8 17. Bf4 g5 18. Bg3 f5 19. h3 f4 20. Bxf4 gxf4 21. hxg4 Re5
22. Rfe1 Rg5 23. d6+ Kh8 24. Qxb7 Rb8 25. d7 Be5 26. Qd5 Qe7 27. Re4 Qf6 28.
Rae1 Bc7 29. Re8+ 1-0

[Event "51st World Juniors"]
[Site "Athens GRE"]
[Date "2012.08.06"]
[Round "5.17"]
[White "Shyam, Sundar M."]
[Black "Ivekovic, Zvonimir"]
[Result "1-0"]
[WhiteTitle "IM"]
[WhiteElo "2486"]
[BlackElo "2320"]
[WhiteFideId "5019141"]
[BlackFideId "14511320"]
[EventDate "2012.08.02"]

1. e4 c5 2. Nf3 d6 3. d4 cxd4 4. Nxd4 Nf6 5. Nc3 a6 6. Be3 e5 7. Nf3 Be7 8. Bc4
Qc7 9. Bb3 O-O 10. O-O h6 11. Nh4 Kh7 12. Qd3 Be6 13. Nf5 Bxf5 14. exf5 Nc6 15.
Rfd1 Rac8 16. g4 g5 17. Nd5 Nxd5 18. f6+ Kg8 19. fxe7 Ndxe7 20. Qxd6 Kg7 21.
Qxc7 Rxc7 22. Bb6 Rcc8 23. Rd7 Rb8 24. Rad1 Rfe8 25. c3 e4 26. Kg2 Kg8 27. Bc7
Rbc8 28. Re1 Nb8 29. Bxb8 Rxb8 30. Rxe4 Kf8 31. Re3 b5 32. Rf3 f5 33. gxf5 Red8
34. Ra7 Rb6 35. f6 Nd5 36. Rh7 1-0

[Event "51st World Juniors"]
[Site "Athens GRE"]
[Date "2012.08.06"]
[Round "5.18"]
[White "Pavlidis, Antonios"]
[Black "Malikentzos, Sotirios"]
[Result "1-0"]
[WhiteTitle "IM"]
[BlackTitle "FM"]
[WhiteElo "2466"]
[BlackElo "2337"]
[WhiteFideId "4212312"]
[BlackFideId "4215079"]
[EventDate "2012.08.02"]

1. e4 c6 2. d4 d5 3. e5 Bf5 4. h4 h6 5. g4 Bd7 6. Nc3 h5 7. gxh5 Nh6 8. Bg5 Bg4
9. Be2 Qd7 10. Qd2 Bxe2 11. Ngxe2 Nf5 12. O-O-O e6 13. Ng3 Nxg3 14. fxg3 Rxh5
15. g4 Rh8 16. Qf4 c5 17. dxc5 Bxc5 18. Ne4 Na6 19. h5 Be7 20. h6 Bxg5 21. Qxg5
gxh6 22. Nf6+ Ke7 23. Nxd5+ Kf8 24. Rxh6 Rg8 25. Qxg8+ Kxg8 26. Nf6+ Kg7 27.
Rh7+ Kg6 28. Rxd7 1-0

[Event "51st World Juniors"]
[Site "Athens GRE"]
[Date "2012.08.06"]
[Round "5.19"]
[White "Antipov, Mikhail Al."]
[Black "Codenotti, Marco"]
[Result "1-0"]
[WhiteTitle "IM"]
[BlackTitle "FM"]
[WhiteElo "2462"]
[BlackElo "2314"]
[WhiteFideId "4107012"]
[BlackFideId "800015"]
[EventDate "2012.08.02"]

1. e4 e5 2. Nf3 Nf6 3. d4 Nxe4 4. dxe5 Bc5 5. Bc4 Nxf2 6. Bxf7+ Kf8 7. Qd5 Nxh1
8. Qxc5+ Kxf7 9. Qd5+ Kf8 10. Nc3 Qe7 11. Bf4 Qe6 12. Qd2 b6 13. O-O-O Bb7 14.
Ng5 Qe7 15. e6 d6 16. Nd5 Bxd5 17. Qxd5 c6 18. Qf5+ Ke8 19. Nf7 Qf6 20. Nxd6+
Kf8 1-0

[Event "51st World Juniors"]
[Site "Athens GRE"]
[Date "2012.08.06"]
[Round "5.20"]
[White "Thavandiran, Shiyam"]
[Black "Schreiner, Peter"]
[Result "0-1"]
[WhiteTitle "FM"]
[BlackTitle "FM"]
[WhiteElo "2301"]
[BlackElo "2444"]
[WhiteFideId "2605058"]
[BlackFideId "1621645"]
[EventDate "2012.08.02"]

1. e4 e5 2. Nf3 Nc6 3. Bc4 Bc5 4. O-O Nf6 5. d4 Bxd4 6. Nxd4 Nxd4 7. f4 d6 8.
fxe5 dxe5 9. Bg5 Qe7 10. Na3 Rg8 11. Kh1 Bd7 12. Qd2 O-O-O 13. Qf2 Be6 14. c3
Nc6 15. Bxf6 gxf6 16. Qxf6 Qxf6 17. Rxf6 Bxc4 18. Nxc4 Rg4 19. Rxf7 Rxe4 20. Na3
Re2 21. Rxh7 Rxb2 22. h4 Rg8 23. Rd1 Rxa2 24. Nb5 a6 25. Nxc7 e4 26. Re1 Ne5 27.
Rxe4 Ra1+ 28. Kh2 Ng4+ 29. Rxg4 Rxg4 30. Kh3 Rg8 31. g4 Rh1+ 32. Kg2 Rc1 33. g5
Rc2+ 34. Kf1 Rf8+ 35. Ke1 Rff2 36. Nd5 Rh2 37. Ne3 Rce2+ 38. Kf1 Rxe3 39. g6
Rxc3 40. Kg1 Rxh4 0-1

[Event "51st World Juniors"]
[Site "Athens GRE"]
[Date "2012.08.06"]
[Round "5.21"]
[White "Barbosa, Evandro Amorim"]
[Black "Dounis, Alexandros"]
[Result "1/2-1/2"]
[WhiteTitle "IM"]
[WhiteElo "2436"]
[BlackElo "2298"]
[WhiteFideId "2115824"]
[BlackFideId "4213238"]
[EventDate "2012.08.02"]

1. e4 e5 2. Nf3 Nc6 3. Bb5 a6 4. Ba4 Nf6 5. O-O Be7 6. d3 d6 7. c3 O-O 8. Nbd2
Nd7 9. Re1 Bf6 10. Nf1 Nc5 11. Bc2 d5 12. b4 Ne6 13. exd5 Qxd5 14. Ne3 Qd8 15.
Ng4 e4 16. Nxf6+ Qxf6 17. dxe4 Qxc3 18. Bd2 Qf6 19. e5 Qe7 20. Qb1 h6 21. Bh7+
Kh8 22. Be4 Rd8 23. Bxc6 bxc6 24. Qc1 Rb8 25. Re4 c5 26. Rh4 Nd4 27. Nxd4 Qxh4
28. Nc6 Bb7 29. Nxd8 Rxd8 30. bxc5 Qe4 31. f3 Qxe5 32. Qc3 Qxc3 33. Bxc3 Rd5 34.
Rc1 Kh7 1/2-1/2

[Event "51st World Juniors"]
[Site "Athens GRE"]
[Date "2012.08.06"]
[Round "5.22"]
[White "Kigel, Dmytro"]
[Black "Zhou, Yang-Fan"]
[Result "0-1"]
[WhiteTitle "FM"]
[BlackTitle "IM"]
[WhiteElo "2276"]
[BlackElo "2430"]
[WhiteFideId "14117932"]
[BlackFideId "468584"]
[EventDate "2012.08.02"]

1. d4 Nf6 2. c4 g6 3. Nc3 Bg7 4. e4 d6 5. Nf3 O-O 6. Be2 e5 7. O-O Nc6 8. d5 Ne7
9. Ne1 Nd7 10. Be3 f5 11. f3 f4 12. Bf2 g5 13. g4 h5 14. h3 Rf7 15. Nd3 Ng6 16.
c5 hxg4 17. hxg4 Bf8 18. c6 Nf6 19. cxb7 Bxb7 20. Nb4 Rh7 21. Bb5 Be7 22. Bc6
Qf8 23. Re1 Qh6 24. Kf1 Nxg4 25. fxg4 f3 26. Qxf3 Rf8 27. Qg3 Nf4 28. Re3 Bc8
29. Ke1 Qh1+ 30. Qg1 Rh2 31. Bb5 Nh3 32. Rxh3 Rxh3 33. Bf1 Qxg1 34. Bxg1 Rh1 35.
Ne2 Bxg4 36. Bg2 Bh3 37. Bxh3 Rxh3 38. Rc1 g4 39. Rxc7 Bg5 40. Rc3 Rh1 41. Nc2
Rf3 42. Ra3 Bf4 43. Rxf3 gxf3 44. Nxf4 Rxg1+ 45. Kf2 Rc1 46. Ne3 exf4 47. Nf5
Kf7 48. Nxd6+ Ke7 49. Nb5 a6 50. Nd4 Kd6 51. Kxf3 Rd1 52. Nc6 Rf1+ 53. Ke2 Rh1
54. b4 Rh3 55. b5 axb5 56. Nd4 Re3+ 57. Kf2 Ke5 58. Nxb5 Kxe4 59. d6 Rd3 60. a4
f3 61. a5 Rd2+ 62. Kg3 Ke3 63. Na3 Rg2+ 64. Kh3 Rg8 65. Nc2+ Kf4 0-1

[Event "51st World Juniors"]
[Site "Athens GRE"]
[Date "2012.08.06"]
[Round "5.23"]
[White "Bluebaum, Matthias"]
[Black "Naoum, Spyridon"]
[Result "1-0"]
[WhiteTitle "IM"]
[WhiteElo "2424"]
[BlackElo "2146"]
[WhiteFideId "24651516"]
[BlackFideId "4227506"]
[EventDate "2012.08.02"]

1. d4 Nf6 2. c4 g6 3. Nc3 d5 4. cxd5 Nxd5 5. e4 Nxc3 6. bxc3 Bg7 7. Bc4 c5 8.
Ne2 Nc6 9. Be3 O-O 10. O-O b6 11. dxc5 Qc7 12. Nd4 Ne5 13. Nb5 Qb8 14. Bd5 Ng4
15. g3 Nxe3 16. fxe3 Bb7 17. c6 Ba6 18. Rxf7 Rxf7 19. Bxf7+ Kxf7 20. Qd5+ Kf8
21. Rf1+ Bf6 22. c7 Qe8 23. Rxf6+ Kg7 24. Rc6 Bb7 25. Qe5+ Kf7 26. Re6 Qf8 27.
Rxe7+ Kg8 28. Qe6+ Kh8 29. Rf7 Qh6 30. Rf3 Rc8 31. Nd6 Rxc7 32. Qe8+ Kg7 33.
Qf8# 1-0

[Event "51st World Juniors"]
[Site "Athens GRE"]
[Date "2012.08.06"]
[Round "5.24"]
[White "Stathopoulos, Ioannis"]
[Black "Firat, Burak"]
[Result "1/2-1/2"]
[BlackTitle "IM"]
[WhiteElo "2216"]
[BlackElo "2423"]
[WhiteFideId "4223098"]
[BlackFideId "6305881"]
[EventDate "2012.08.02"]

1. d4 d5 2. c4 e6 3. Nc3 Be7 4. Bf4 Nf6 5. e3 O-O 6. a3 b6 7. cxd5 exd5 8. Bd3
c6 9. Nf3 Nbd7 10. h3 Re8 11. O-O Nf8 12. b4 Bb7 13. Qb3 Bd6 14. Bxd6 Qxd6 15.
a4 Ne6 16. a5 Rab8 17. axb6 axb6 18. Ra7 Nd7 19. Rfa1 b5 20. Qb1 g6 21. e4 Nxd4
22. Nxd4 dxe4 23. Ndxb5 cxb5 24. Bxe4 Bxe4 25. Nxe4 Qd4 26. Rxd7 Qxe4 27. Qxe4
Rxe4 28. Raa7 Rf8 29. Rab7 Rxb4 30. Rd5 Rb1+ 31. Kh2 1/2-1/2

[Event "51st World Juniors"]
[Site "Athens GRE"]
[Date "2012.08.06"]
[Round "5.25"]
[White "Caetano, Hugo Zanotti Mendonca"]
[Black "Ghosh, Diptayan"]
[Result "0-1"]
[BlackTitle "FM"]
[WhiteElo "2109"]
[BlackElo "2417"]
[WhiteFideId "2119420"]
[BlackFideId "5045207"]
[EventDate "2012.08.02"]

1. d4 d5 2. c4 c6 3. cxd5 cxd5 4. Nc3 Nc6 5. Nf3 Nf6 6. Bf4 a6 7. e3 Bg4 8. Be2
e6 9. O-O Be7 10. Rc1 O-O 11. h3 Bxf3 12. Bxf3 Rc8 13. Qe2 Bd6 14. Bg5 h6 15.
Bxf6 Qxf6 16. Na4 Rc7 17. a3 Qg5 18. Nc3 Rfc8 19. Bg4 f5 20. f4 Qh4 21. Bh5 Kh7
22. Kh2 g6 23. Bf3 Nxd4 24. exd4 Bxf4+ 25. Kh1 Qg3 26. Kg1 Qh2+ 27. Kf2 Bxc1 28.
Rxc1 e5 29. dxe5 d4 30. e6 dxc3 31. Rd1 Re7 32. bxc3 Qc7 33. Rd3 Qb6+ 34. Kg3
Qxe6 35. Qxe6 Rxe6 36. Bxb7 Rc5 37. Bd5 Rb6 38. c4 Kg7 39. Kf4 Kf6 40. Ke3 Ke5
41. Kd2 f4 42. Kc2 g5 43. Rd2 Ra5 44. Rd3 Rd6 45. Kb3 Raxd5 46. cxd5 Rxd5 47.
Rc3 Rd2 48. g3 Rd6 49. Kc2 Ke4 0-1

[Event "51st World Juniors"]
[Site "Athens GRE"]
[Date "2012.08.06"]
[Round "5.26"]
[White "Nishant, Malhotra"]
[Black "Rios, Cristhian Camilo"]
[Result "1-0"]
[BlackTitle "FM"]
[WhiteElo "2076"]
[BlackElo "2398"]
[WhiteFideId "5099129"]
[BlackFideId "4403940"]
[EventDate "2012.08.02"]

1. d4 Nf6 2. c4 e6 3. Nc3 Bb4 4. f3 d5 5. a3 Bxc3+ 6. bxc3 c6 7. e3 O-O 8. Bd3
b6 9. cxd5 cxd5 10. Ne2 Ba6 11. Bxa6 Nxa6 12. O-O Qc8 13. Qe1 Qc4 14. Ng3 Rac8
15. Bd2 Ne8 16. e4 f6 17. e5 f5 18. Nh5 Nb8 19. Nf4 Nc7 20. Qh4 Qa4 21. Rf2 Qd7
22. g4 Nc6 23. Kh1 Ne7 24. Rg1 fxg4 25. Qxg4 Nf5 26. Qh3 Rf7 27. Nh5 Ne8 28.
Rfg2 Kh8 29. Rg5 g6 30. Nf4 Ne7 31. Nxg6+ Nxg6 32. Rxg6 Ng7 33. Bg5 Rxf3 34.
Rxg7 1-0

[Event "51st World Juniors"]
[Site "Athens GRE"]
[Date "2012.08.06"]
[Round "5.27"]
[White "Arvola, Benjamin"]
[Black "Huschenbeth, Niclas"]
[Result "0-1"]
[BlackTitle "GM"]
[WhiteElo "2300"]
[BlackElo "2532"]
[WhiteFideId "1506536"]
[BlackFideId "24604747"]
[EventDate "2012.08.02"]

1. e4 c5 2. Nf3 d6 3. d4 cxd4 4. Nxd4 Nf6 5. Nc3 a6 6. Be3 e5 7. Nb3 Be6 8. Qd2
Nbd7 9. O-O-O Be7 10. f3 O-O 11. g4 b5 12. g5 b4 13. Ne2 Ne8 14. f4 a5 15. f5
Bxb3 16. cxb3 a4 17. bxa4 Rxa4 18. Kb1 Rxa2 19. f6 Qa8 20. Qxb4 Nexf6 21. gxf6
Rb8 22. Qxb8+ Nxb8 23. fxe7 Ra1+ 24. Kc2 Qa4+ 25. b3 Ra2+ 26. Kd3 Qb5+ 27. Kc3
Qc6+ 28. Bc5 Qxc5+ 29. Kd3 Qb5+ 30. Ke3 Qd7 0-1

[Event "51st World Juniors"]
[Site "Athens GRE"]
[Date "2012.08.06"]
[Round "5.28"]
[White "Torres, Juan Camilo"]
[Black "Kanarek, Marcel"]
[Result "0-1"]
[BlackTitle "IM"]
[WhiteElo "2291"]
[BlackElo "2487"]
[WhiteFideId "4405790"]
[BlackFideId "1126822"]
[EventDate "2012.08.02"]

1. d4 Nf6 2. c4 g6 3. Nc3 Bg7 4. Nf3 O-O 5. g3 d6 6. Bg2 Nc6 7. O-O Bf5 8. Nh4
Bd7 9. d5 Na5 10. Qd3 c5 11. b3 a6 12. Bb2 b5 13. Ne4 bxc4 14. bxc4 Rb8 15.
Nxf6+ Bxf6 16. Bxf6 exf6 17. Rab1 Rb4 18. Rxb4 cxb4 19. Nf3 Nb7 20. Nd4 Nc5 21.
Qd2 a5 22. h4 h5 23. Qf4 Qe7 24. Nc6 Bxc6 25. dxc6 Kg7 26. Rd1 Rd8 27. Qe3 Qxe3
28. fxe3 a4 29. c7 Rc8 30. Rxd6 a3 31. Rd2 Rxc7 32. Bd5 Ra7 33. Rd1 b3 34. Kf2
Ra6 35. Ke1 Rb6 36. axb3 a2 37. Ra1 Ra6 38. b4 Nb3 0-1

[Event "51st World Juniors"]
[Site "Athens GRE"]
[Date "2012.08.06"]
[Round "5.29"]
[White "Leiva, Giuseppe"]
[Black "Hansen, Eric"]
[Result "0-1"]
[WhiteTitle "FM"]
[BlackTitle "IM"]
[WhiteElo "2283"]
[BlackElo "2472"]
[WhiteFideId "3804399"]
[BlackFideId "2606771"]
[EventDate "2012.08.02"]

1. d4 Nf6 2. Nf3 g6 3. Bg5 Bg7 4. Nbd2 O-O 5. c3 b6 6. e4 h6 7. Bh4 Bb7 8. Bd3
c5 9. d5 d6 10. O-O Nbd7 11. Re1 a6 12. a4 Nh5 13. Bf1 Bc8 14. Nc4 g5 15. Bg3
Nxg3 16. hxg3 Nf6 17. Qb3 Rb8 18. Rad1 Bd7 19. e5 b5 20. axb5 axb5 21. Na3 b4
22. Nc4 Ng4 23. Qc2 Bb5 24. Qf5 Bxc4 25. Bxc4 Nxe5 26. Nxe5 dxe5 27. Bd3 Re8 28.
Be4 Rb6 29. c4 b3 30. Qf3 Qd7 31. Ra1 Rf8 32. g4 h5 33. Qf5 Qxf5 34. gxf5 Rb4
35. Rec1 g4 36. Rc3 Bh6 37. f3 Bd2 38. Rd3 Bf4 0-1

[Event "51st World Juniors"]
[Site "Athens GRE"]
[Date "2012.08.06"]
[Round "5.30"]
[White "Nuri, Kambez"]
[Black "Bajarani, Ulvi"]
[Result "0-1"]
[WhiteTitle "FM"]
[BlackTitle "IM"]
[WhiteElo "2274"]
[BlackElo "2446"]
[WhiteFideId "1311433"]
[BlackFideId "13403028"]
[EventDate "2012.08.02"]

1. e4 c5 2. Nf3 d6 3. d4 cxd4 4. Nxd4 Nf6 5. Nc3 a6 6. Be3 e5 7. Nb3 Be7 8. f3
h5 9. a4 Be6 10. Qd2 Nbd7 11. a5 Rc8 12. Be2 O-O 13. O-O Qc7 14. Kh1 Qc6 15.
Rfd1 Rfd8 16. Rac1 Qc7 17. Nd5 Nxd5 18. exd5 Bf5 19. c4 Qb8 20. Bb6 Re8 21. Qe3
h4 22. Nd2 Bg6 23. b4 Nf6 24. Qb3 Nd7 25. Qe3 Nf6 26. Qb3 Nh5 27. c5 Nf4 28. Bf1
Bd8 29. Nc4 Bxb6 30. Nxb6 Rc7 31. c6 e4 32. Qe3 Nh5 33. cxb7 Rxc1 34. Rxc1 Qxb7
35. b5 axb5 36. Bxb5 Rd8 37. a6 Qb8 38. Ra1 Qa7 39. Nc4 Qe7 40. a7 Ra8 41. Bc6
Ng3+ 42. Kg1 Qf6 43. Re1 Nf5 44. Qf2 Rxa7 45. Qxa7 Qc3 46. Qa5 Qd4+ 47. Ne3 exf3
48. gxf3 Nxe3 49. Qa1 Qd2 50. Rxe3 Qxe3+ 0-1

[Event "51st World Juniors"]
[Site "Athens GRE"]
[Date "2012.08.06"]
[Round "5.31"]
[White "Haarr, Jon Kristian"]
[Black "Dimitrov, Radoslav"]
[Result "0-1"]
[BlackTitle "IM"]
[WhiteElo "2245"]
[BlackElo "2424"]
[WhiteFideId "1505963"]
[BlackFideId "2908549"]
[EventDate "2012.08.02"]

1. e4 c5 2. c3 Nf6 3. e5 Nd5 4. d4 d6 5. c4 Nb4 6. a3 Qa5 7. Nc3 cxd4 8. axb4
Qxa1 9. Nd5 Na6 10. exd6 e6 11. c5 exd5 12. Bb5+ Bd7 13. Bxd7+ Kxd7 14. Qg4+ Kd8
15. Ne2 Qb1 16. O-O Qe4 17. Nf4 Nxb4 18. Bd2 Nc2 19. Qh5 Ke8 20. Nxd5 Rc8 21. b4
b6 22. Nf4 bxc5 23. bxc5 g6 24. Nd5 Bg7 25. Qg5 Qe5 26. Nc7+ Kd7 27. Qg4+ f5 28.
c6+ Kxd6 29. Qf3 Qe4 30. Nb5+ Kc5 31. Qb3 Rb8 32. Bb4+ Kxb5 33. Rb1 Nxb4 34.
Qxb4+ Kxc6 35. Rc1+ Kd7 36. Qa4+ Ke7 37. Qa3+ Kf6 38. Qd6+ Qe6 39. Qxd4+ Qe5 40.
Rc6+ Kg5 41. Qd2+ f4 42. h4+ Kh6 43. Rc5 Rb1+ 44. Kh2 Qxc5 45. Qxf4+ g5 46.
hxg5+ Qxg5 47. Qd6+ 0-1

[Event "51st World Juniors"]
[Site "Athens GRE"]
[Date "2012.08.06"]
[Round "5.32"]
[White "Larmuseau, Maarten"]
[Black "Galopoulos, Nikolaos"]
[Result "0-1"]
[WhiteElo "2245"]
[BlackElo "2402"]
[WhiteFideId "209988"]
[BlackFideId "4208951"]
[EventDate "2012.08.02"]

1. e4 c6 2. Nc3 d5 3. Nf3 Nf6 4. e5 Ne4 5. Nxe4 dxe4 6. Ng5 Qd5 7. d4 exd3 8.
Bxd3 Qxe5+ 9. Be3 h6 10. Qh5 g6 11. Bxg6 hxg5 12. Bxf7+ Kd8 13. O-O-O+ Bd7 14.
Qg4 Rh4 15. Qxg5 Qxg5 16. Bxg5 Rg4 17. h4 Rxg2 18. Be6 Ke8 19. Bc4 Bg4 20. Rd4
Bf3 21. Rf4 Rxg5 22. Rxf3 Rg7 23. h5 Nd7 24. h6 Rh7 25. Bd3 Rh8 26. Bg6+ Kd8 27.
Rf5 Bxh6+ 28. Kb1 Bg7 29. Rd1 Kc7 30. Rg5 Bf6 31. Rg2 Ne5 32. Bf5 Rad8 33. Re1
Nf3 0-1

[Event "51st World Juniors"]
[Site "Athens GRE"]
[Date "2012.08.06"]
[Round "5.33"]
[White "Hambleton, Aman"]
[Black "Anwesh, Upadhyaya"]
[Result "1/2-1/2"]
[WhiteTitle "FM"]
[BlackTitle "IM"]
[WhiteElo "2244"]
[BlackElo "2374"]
[WhiteFideId "2606577"]
[BlackFideId "5028949"]
[EventDate "2012.08.02"]

1. d4 d5 2. c4 c6 3. Nc3 Nf6 4. e3 e6 5. Nf3 Nbd7 6. Qc2 Bd6 7. e4 Nxe4 8. Nxe4
dxe4 9. Qxe4 Bb4+ 10. Bd2 Qa5 11. a3 Bxd2+ 12. Nxd2 c5 13. O-O-O cxd4 14. Nb3
Nc5 15. Nxc5 Qxc5 16. Qxd4 Qxd4 17. Rxd4 Ke7 18. Bd3 b6 19. Be4 Rb8 20. f4 Bb7
21. Bxb7 Rxb7 22. Rhd1 Rc8 23. b3 b5 24. Kc2 a5 25. R1d3 a4 26. Rc3 bxc4 27.
bxa4 Rbc7 28. a5 f6 29. a6 e5 30. fxe5 fxe5 31. Rh4 1/2-1/2

[Event "51st World Juniors"]
[Site "Athens GRE"]
[Date "2012.08.06"]
[Round "5.34"]
[White "Baghdasaryan, Vahe"]
[Black "Podolsky, Anton"]
[Result "1-0"]
[WhiteTitle "IM"]
[WhiteElo "2368"]
[BlackElo "2246"]
[WhiteFideId "13303139"]
[BlackFideId "14119668"]
[EventDate "2012.08.02"]

1. c4 e6 2. Nc3 d5 3. d4 dxc4 4. e3 a6 5. Bxc4 c5 6. Nf3 Nf6 7. a3 Nc6 8. O-O
cxd4 9. exd4 Be7 10. Bg5 O-O 11. Qd3 b5 12. Ba2 Bb7 13. Rad1 b4 14. Bb1 g6 15.
Na4 bxa3 16. bxa3 Na5 17. Rfe1 Bd5 18. Ne5 Bb3 19. Bc2 Bxc2 20. Qxc2 Nd5 21. Bh6
Re8 22. Nc5 Bg5 23. Bxg5 Qxg5 24. Rd3 f6 25. h4 Qf5 26. g4 Qf4 27. Re4 Qh6 28.
g5 fxg5 29. Ng4 Qh5 30. Nd7 Kg7 31. Ndf6 Nxf6 32. Qc7+ Kh8 33. Nxf6 1-0